000 00427nab a2200145Ia 4500
003 ES-SlBCS
005 20210601131854.0
008 140529s1978-1979xu||||| |||| 00| 0 ger d
041 _ager
100 1 _aPaul, Wolf
_9189610
245 0 0 _aMarx versus Savigny
_c Wolf Paul
600 1 _aMarx, Karl-Savigny
_9189611
773 0 _tAnales de la Catedra Francisco Suarez
_gnº. 18-19, 1978-1979, págs. 243-270
_wRev1020
942 _cAR
999 _c570278
_d570278